|
003 -Nazwa inst., której nr kontr. jest w polu 001 [,]
|
-
- @
- Nazwa instytucji, której n kontrolny jest w polu 001
- NUKAT
|
|
005 -DATA I CZAS OSTATNIEJ MODYFIKACJI [,]
|
-
- @
- pole kontrolne
- 20241231103741.0
|
|
020 -Międzynarod. znormalizowany nr książki - ISBN [ , ]
|
-
- a
- Numer ISBN
- 9788320822786
|
|
040 -Instytucja sporządzająca opis [ , ]
|
-
- a
- Instytucja, która sporządziła opis (NP)
- WR U/KP
-
- c
- Instytucja, która sporządziła rekord (NP)
- WR U/KPs
-
- d
- Instytucja, która zmodyfikowała rekord (P)
- WR U/hb
-
- d
- Instytucja, która zmodyfikowała rekord (P)
- WA M/LA
-
- d
- Instytucja, która zmodyfikowała rekord (P)
- KAT 001/PD
|
|
942 -Rodzaj dokumentu [ , ]
|
-
- c
- Rodzaj dokumentu
- Książka
|
|
245 -Strefa tytułu i oznaczenia odpowiedzialności [1,0]
|
-
- a
- Tytuł
- Handel zagraniczny :
-
- b
- Ciąg dalszy tytułu (NP)
- organizacja i technika /
-
- c
- Pozostałe elementy strefy tytułu i oznaczenia odpowiedzialności (NP)
- redakcja naukowa Jan Rymarczyk ; autorzy Franciszek Adamczuk, Sebastian Bobowski, Mariusz Chrzan, Małgorzata Domiter, Bogusława Drelich-Skulska, Anna H. Jankowiak, Szymon Mazurek, Wawrzyniec Michalczyk, Elżbieta Mirecka, Jan Rymarczyk, Jerzy Rymarczyk, Przemysław Skulski, Marta Wincewicz-Bosy.
|
|
250 -Strefa wydania [ , ]
|
-
- a
- Oznaczenie wydania (NP)
- Wyd. 6 zm.
|
|
260 -Strefa adresu wydawniczego [ , ]
|
-
- a
- Miejsce wydania (P)
- Warszawa :
-
- b
- Nazwa wydawcy (P)
- Polskie Wydawnictwo Ekonomiczne,
-
- c
- Data wydania (P)
- cop. 2017.
|
|
700 -Hasło dodatkowe - nazwa osobowa [1, ]
|
-
- a
- Nazwa osobowa (NP)
- Rymarczyk, Jan
-
- d
- Daty biograficzne (NP)
- (1944- ).
-
- e
- Określenie rodzaju współpracy
- Red.
-
|
|
700 -Hasło dodatkowe - nazwa osobowa [1, ]
|
-
- a
- Nazwa osobowa (NP)
- Bobowski, Sebastian
-
- c
- Dopowiedzenie inne niż daty biograficzne (NP)
- (ekonomia).
-
|
|
700 -Hasło dodatkowe - nazwa osobowa [1, ]
|
-
- a
- Nazwa osobowa (NP)
- Domiter, Małgorzata.
-
|
|
700 -Hasło dodatkowe - nazwa osobowa [1, ]
|
-
- a
- Nazwa osobowa (NP)
- Drelich-Skulska, Bogusława.
-
|
|
700 -Hasło dodatkowe - nazwa osobowa [1, ]
|
-
- a
- Nazwa osobowa (NP)
- Mazurek, Szymon.
-
|
|
700 -Hasło dodatkowe - nazwa osobowa [1, ]
|
-
- a
- Nazwa osobowa (NP)
- Michalczyk, Wawrzyniec.
-
|
|
700 -Hasło dodatkowe - nazwa osobowa [1, ]
|
-
- a
- Nazwa osobowa (NP)
- Rymarczyk, Jerzy
-
- d
- Daty biograficzne (NP)
- (1950- ).
-
|
|
700 -Hasło dodatkowe - nazwa osobowa [1, ]
|
-
- a
- Nazwa osobowa (NP)
- Skulski, Przemysław
-
- c
- Dopowiedzenie inne niż daty biograficzne (NP)
- (ekonomia).
-
|
|
700 -Hasło dodatkowe - nazwa osobowa [1, ]
|
-
- a
- Nazwa osobowa (NP)
- Wincewicz-Bosy, Marta
-
- d
- Daty biograficzne (NP)
- (1973- ).
-
|
|
700 -Hasło dodatkowe - nazwa osobowa [1, ]
|
-
- a
- Nazwa osobowa (NP)
- Chrzan, Mariusz.
-
|
|
700 -Hasło dodatkowe - nazwa osobowa [1, ]
|
-
- a
- Nazwa osobowa (NP)
- Jankowiak, Anna.
-
|
|
700 -Hasło dodatkowe - nazwa osobowa [1, ]
|
-
- a
- Nazwa osobowa (NP)
- Mirecka, Elżbieta.
-
|
|
710 -Hasło dodatkowe - nazwa ciała zbiorowego [2, ]
|
-
- a
- Nazwa ciała zbiorowego lub nazwa geograficzna jako pierwszy element (NP)
- Polskie Wydawnictwo Ekonomiczne.
-
-
|